Ricostruisci la Carriera del Calciatore - Geoffrey Kondogbia - Statistics

Statistiche generali
  • Questo quiz è stato fatto 14 volte
  • Il punteggio medio è 3 su 7
Statistiche sulle risposte
Hint Risposta % Corretto
2011-2012 Lens
83%
2023- Olympique Marsiglia
67%
2020-2023 Atlético Madrid
50%
2015-2017 Inter
50%
2017-2020 Valencia
33%
2013-2015 Monaco
17%
2012-2013 Siviglia
0%
Nessun quiz corrispondente trovato
Distribuzione punteggi
Percentuale di utenti per punteggio
Percentile per numero di risposta
I tuoi punteggi nel tempo
Non hai fatto questo quiz